000 01260cam a2200325 i 4500
999 _c38029
_d38029
001 38029
003 Mx-PuUPA
005 20240410103800.0
008 140415s1999 sp a r 000 0 spa d
020 _a8448602641
040 _aMx-PuUPA
_bspa
_cMx-PuUPA
_dMx-PuUPA
_erda
041 1 _aspa
_heng
100 1 _aFawcett, Don W.
_d1917-2009
_q(Don Wayne),
_eautor
240 1 _aConcise histology.
_lEspañol
245 1 0 _aCompendio de histología /
_bDon W. Fawcett, Ronald P. Jensh ; traducción, F. Ruiz Ayuso
250 _aPrimera edición
264 4 _aAravaca, Madrid :
_bMcGraw-Hill Interamericana de España,
_c©1999
300 _a326 páginas :
_b 32 láminas (a color) ;
_c28 cm
336 _atexto
_2rdacontent
_btxt
337 _asin medio
_2rdamedia
_bn
338 _avolumen
_2rdacarrier
_bnc
650 4 _aHistología
700 1 _aJensh, Ronald P.,
_eautor
700 1 _aRuiz Ayuso, F.,
_etraductor
765 1 8 _aFawcett, Don W.
_bPrimera edición
_d[Lugar de publicación no identificada] : Chapman & Hall, ©1997
_tConcise histology.
_z0412079712
942 _2ddc
_cLI
_h611.0181
_iF278